Sobre Alejo Carpentier y la poética de lo real maravilloso americano /

Saved in:
Bibliographic Details
Main Author: Rincón, Carlos
Format: Unknown
Language:Spanish
Subjects:
Tags: Add Tag
No Tags, Be the first to tag this record!

MARC

LEADER 000000000a22000000004500
001 002520
041 0 |a spa 
100 1 |a Rincón, Carlos 
245 1 0 |a Sobre Alejo Carpentier y la poética de lo real maravilloso americano /   |c Carlos Rincón. 
650 4 |a CARPENTIER, ALEJO, 1904-1980 
650 4 |a LITERATURA CUBANA 
650 4 |a NOVELA 
650 4 |a CRITICAS 
650 4 |a LO REAL MARAVILLOSO 
650 4 |a TEORIA DE LA NOVELA 
650 4 |a BARROCO LATINOAMERICANO 
773 0 |d Cuba : Editorial Casa de las Américas  |t Casa de las Américas  |g número 89 (1975), páginas 40-65 
942 |c ARC 
999 |c 9936  |d 9936